000 00601nam a2200229 i 4500
001 bg
100 1 _aBÈRARD, Èvelyne
245 1 0 _aTempo 2 :
_bmèthode de français.
260 _aParis :
_bHatier :
_bDidier,
_ccop.1997.
300 _a271, [1] s. :
_bil. kolor. ;
_c28 cm +
_e3 kasety dźw.
650 9 _aJęzyk francuski
655 _aPodręczniki
700 1 _aCANIER, Yves
700 1 _aLAVENNE, Christian
020 _a2278044273
040 _cBPK
041 0 _afr
080 _a811.133.1(07)
920 _a2-278-04427-3
942 _cKS
008 s pl f |000 0 pol
999 _c36261
_d36261
856 _uhttp://koha.tu.koszalin.pl/cgi-bin/koha/opac-detail.pl?biblionumber=36261
_yKatalog online BPK